[Event "COL-ch visually impaired 4th"]
[Site "Bogota"]
[Date "2013.11.08"]
[Round "5.3"]
[White "Grisales Betancur, Libia"]
[Black "Lezcano, Reina Isabel"]
[Result "0-1"]
[WhiteElo "1605"]
[BlackElo "1605"]
[PlyCount "37"]
[EventDate "2013.11.08"]
[EventType "swiss"]
[EventRounds "5"]
[EventCountry "COL"]
[SourceTitle "EXT 2024"]
[Source "ChessBase"]
[SourceDate "2023.10.10"]
[SourceVersion "1"]
[SourceVersionDate "2023.10.10"]
[SourceQuality "1"]

1. e4 e6 2. Nf3 c5 3. Nc3 Nc6 4. Be2 a6 5. 0-0 b5 6. d4 Bb7 7. d5 Na5 8. dxe6 fxe6 9. Ne5 Nf6 10. Bg5 b4 11. Bh5+ g6 12. Nxg6 hxg6 13. Bxg6+ Ke7 14. Qf3 Bg7 15. e5 Bxf3 16. gxf3 Qc7 17. Nd5+ exd5 18. Rfe1 Kf8 19. Bf5 0-1

[Event "COL-ch Visually limited (Women) 3rd"]
[Site "Colombia"]
[Date "2012.11.26"]
[Round "3.6"]
[White "Grisales Betancur, Libia"]
[Black "Ruiz, Luz Alba"]
[Result "0-1"]
[WhiteElo "1605"]
[BlackElo "1464"]
[PlyCount "42"]
[EventDate "2012.11.25"]
[EventType "swiss"]
[EventRounds "7"]
[EventCountry "COL"]
[SourceTitle "EXT 2024"]
[Source "ChessBase"]
[SourceDate "2023.10.10"]
[SourceVersion "1"]
[SourceVersionDate "2023.10.10"]
[SourceQuality "1"]

1. e4 e5 2. Nf3 Nc6 3. d4 exd4 4. Nxd4 Bc5 5. Be3 Nf6 6. Nc3 0-0 7. Bc4 a6 8. 0-0 d6 9. Nxc6 bxc6 10. a3 Bxe3 11. fxe3 Ng4 12. Qf3 Nf6 13. e5 dxe5 14. Qxc6 Bd7 15. Qf3 a5 16. Rae1 Bg4 17. Qg3 Qe7 18. Nd5 Nxd5 19. Bxd5 Rad8 20. e4 h5 21. Qb3 Be6 0-1

[Event "COL-ch visually impaired (Women) 2nd"]
[Site "Cali"]
[Date "2008.10.26"]
[Round "4.5"]
[White "Salcedo Alvarado, Cristina"]
[Black "Grisales Betancur, Libia"]
[Result "1-0"]
[WhiteElo "1600"]
[BlackElo "1600"]
[PlyCount "35"]
[EventDate "2008.10.25"]
[EventType "swiss"]
[EventRounds "7"]
[EventCountry "COL"]
[SourceTitle "EXT 2024"]
[Source "ChessBase"]
[SourceDate "2023.10.10"]
[SourceVersion "1"]
[SourceVersionDate "2023.10.10"]
[SourceQuality "1"]

1. e4 e5 2. Nf3 Nc6 3. Bc4 Bc5 4. d3 Nf6 5. Ng5 h6 6. Nxf7 Ke7 7. Nc3 Rf8 8. Nd5+ Nxd5 9. Bxd5 Bb4+ 10. Bd2 d6 11. c3 Ba5 12. f4 Nb8 13. Qf3 c6 14. Bc4 Bd7 15. fxe5 dxe5 16. Qh5 Qb6 17. Qxe5+ Be6 18. Qxe6# 1-0